| 000 | 01271cam a2200349 4500 | ||
|---|---|---|---|
| 001 | L127413 | ||
| 002 | 7918 | ||
| 008 | 040915n2005 000 0 eng u | ||
| 020 | _a0415348382 | ||
| 022 | _a0306-3046 | ||
| 035 | _a(Sirsi) u127413 | ||
| 041 | _aeng | ||
| 050 |
_a692.5 _c18 |
||
| 245 | _aSpon's architects' and builders' price book 2005 | ||
| 250 | _a130th ed. | ||
| 260 |
_aAbingdon _bSpon Press _c2005 |
||
| 300 | _axxvi,1017p. ; 25cm. | ||
| 350 | _a120 | ||
| 520 | _aThe latest edition of this detailed, professionally relevant source of construction price information. Part one covers fees and daywork; part two provides rates of wages; part three deals with prices for measured works (major and minor); and part four covers approximate estimating. Tables and memoranda. | ||
| 520 | _aThere is a separate CD-Rom (L145079) for reference use in the Library. | ||
| 520 | _aSuperseded by 2006 edition (ISBN 0415370302) | ||
| 650 | _aARCHITECTS | ||
| 650 | _aBUILDERS | ||
| 650 | _aMINOR WORKS | ||
| 650 | _aMAJOR WORKS | ||
| 650 | _aBUILT ENVIRONMENT-BUILDING COSTS | ||
| 650 | _aBUILDING PRICE BOOKS | ||
| 650 | _aLABOUR COSTS | ||
| 690 | _aBUILT ENVIRONMENT-BUILDING COSTS | ||
| 710 |
_aDavis Langdon _xEditor _94649 |
||
| 942 | _n0 | ||
| 999 |
_c103778 _d103778 |
||